Star Wars Rebels Season 3 characters - Statistics

General Stats
  • This quiz has been taken 225 times
  • The average score is 15 of 25
Answer Stats
Hint Answer % Correct
^student Ezra Bridger
97%
Blind Jedi Kanan Jarrus
94%
Mandalorion girl Sabine Wren
94%
Phoenix Squadron Leader Hera Syndulla
90%
Lasat Zeb Orrelios
90%
Droid on the ghost Chopper
89%
Old clone Rex
86%
Grand Admiral Thrawn
84%
Sith Darth Maul
74%
Pirate Hondo
74%
Rebel spy Agent Kallus
71%
Old Jedi Obi-Wan Kenobi
67%
^'s dad Cham Synndulla
60%
Rebel extremist Saw Gerrera
57%
Imperial Governor Pryce
53%
^'s mum Ursa Wren
45%
Rebel leader Mon Mothma
44%
Sabine's brother Tristan Wren
42%
Rebel commander Sato
38%
Male mandalorion Fenn Rau
34%
Annoying droid AP5
32%
Imperial viceroy Gar Saxon
32%
Imperial Admiral Konstantine
29%
Rebel general Jan Dodonna
16%
Imperial lieutenant Yogar Lyste
10%
No matching quizzes found
Score Distribution
Percent of People with Each Score
Percentile by Number Answered
Your Score History
You have not taken this quiz